000 00382 a2200157 4500
020 _a9780099288527
040 _aDLC
_bDLC
082 _a823.912
100 _aGreene, Graham
245 _aThe human factor
_cGraham Greene
260 _aLondon
_bVintage books
_c1999
300 _a259 p.
650 _aSpy stories, English
700 _aGraham Greene
942 _cBK
_k823.912 GRE
_2ddc
999 _c10802
_d10802